000 00648nam a2200277Ia 4500
005 20260324144756.0
008 008 260324s9999 xx 000 0 eng d
020 _a9781315014890
037 _aEBOOK
040 _aCRL
040 _beng
040 _cCRL
041 _2eng
041 _aeng
084 _qCRL
100 _aJ. Willoughby
_91220563
245 0 _aCapitalist Imperialism, Crisis and the State
260 _bTaylor and Francis
260 _c1986
365 _a
365 _b70.99
856 _uhttp://www.taylorfrancis.com/books/9781315014890
942 _cEBOOK
999 _c1827606
_d1827606